000
00298nam a2200121Ia 4500
005
20251028132448.0
008
251020t2016||||xx |||||||||||||| ||spa||
041
_a
spa
100
_a
Medina Pabón, Juan Enrique
245
0
_a
Derecho civil: bienes, derechos reales
260
_c
2016
942
_C
LB
_c
LB
999
_c
2600
_d
2600